| 000 | 01091nam a22002657a 4500 | ||
|---|---|---|---|
| 005 | 2009111306196.0 | ||
| 008 | 091113t xxu||||| |||| 00| 0 eng d | ||
| 010 | _aENG-95429 | ||
| 020 |
_a9788120337077 _c325.00 |
||
| 035 | _aEN-78962 | ||
| 037 | _bDBAD/PUB | ||
| 040 |
_aDPL _bENG |
||
| 082 | _a551.48 | ||
| 100 | _aDas, Madan Mohan | ||
| 245 |
_aHydrology / _c by Madan Mohan Das [and] Mimi Das Saikia |
||
| 260 |
_aNew Delhi _bPHI Learning _c2009 |
||
| 270 |
_aM-97, Connaught Circus _bNew Delhi _e110001 |
||
| 300 |
_axv, 340p.: _c24 cm (pbk) _bill. |
||
| 500 | _aIncludes index. | ||
| 700 | _aSaikia, Mimi Das | ||
| 856 | _uhttp://www.loc.gov/catdir/toc/ecip0721/2007025342.html | ||
| 942 |
_2ddc _cEN _mDAS _h551.48 |
||
| 999 |
_c31746 _d31746 |
||